00247nam a2200109Ia 4500100001900000654001900019245003000038260003100068082001800099300000800117546001200125 aSabnis/ Anupa  aDigital signal aDigital signal processing bNandu PubaNew Delhic1999 a621.3822bSAB a263 aENGLISH